000 00732nam a2200181Ia 4500
008 151018s9999 xx 000 0 und d
082 _bRBASDV32837
_a891.434
100 _aदिलीप सालवी
245 _aएक हजार खगोल विज्ञान प्रश्नात्तरी
250 _b1
260 _bसत्साहीत्य
_c1999
300 _a207
600 _aदिलीप सालवी
630 _aएक हजार खगोल विज्ञान प्रश्नात्तरी
700 _aदिलीप सालवी
730 _aएक हजार खगोल विज्ञान प्रश्नात्तरी
942 _cBOOK
999 _c1032357
_d1032354